MARC details
| 000 -CABECERA |
| campo de control de longitud fija |
01632nam a2200325 i 4500 |
| 001 - NÚMERO DE CONTROL |
| campo de control |
991061720910706706 |
| 003 - IDENTIFICADOR DEL NÚMERO DE CONTROL |
| campo de control |
ES-BaIT |
| 005 - FECHA Y HORA DE LA ÚLTIMA TRANSACCIÓN |
| campo de control |
20260224135904.0 |
| 008 - DATOS DE LONGITUD FIJA--INFORMACIÓN GENERAL |
| campo de control de longitud fija |
250210e202405 fr a r 000 1 fre d |
| 020 ## - NÚMERO INTERNACIONAL ESTÁNDAR DEL LIBRO |
| Número Internacional Estándar del Libro |
9782749816401 |
| 040 ## - FUENTE DE LA CATALOGACIÓN |
| Centro catalogador/agencia de origen |
ES-BaIT |
| Lengua de catalogación |
cat |
| Normas de descripción |
rda |
| Centro/agencia transcriptor |
ES-BaIT |
| 080 ## - NÚMERO DE LA CLASIFICACIÓN DECIMAL UNIVERSAL |
| Número de la Clasificación Decimal Universal |
840-2"20" |
| 100 1# - ENTRADA PRINCIPAL--NOMBRE DE PERSONA |
| Nombre de persona |
Marra, Fabio, |
| Fechas asociadas al nombre |
1984- |
| Término indicativo de función/relación |
autor |
| 9 (RLIN) |
168654 |
| 245 13 - MENCIÓN DE TÍTULO |
| Título |
La Couleur des souvenirs / |
| Mención de responsabilidad, etc. |
Fabio Marra |
| 264 #1 - PRODUCCIÓN, PUBLICACIÓN, DISTRIBUCIÓN, FABRICACIÓN Y COPYRIGHT |
| Producción, publicación, distribución, fabricación y copyright |
Paris : |
| Nombre del de productor, editor, distribuidor, fabricante |
L'avant-scène théatre, |
| Fecha de producción, publicación, distribución, fabricación o copyright |
mai 2024 |
| 300 ## - DESCRIPCIÓN FÍSICA |
| Extensión |
78 pàgines, 7 pàgines de làmines sense numerar, 19 pàgines sense numerar : |
| Otras características físicas |
il·lustracions ; |
| Dimensiones |
21 cm |
| 336 ## - TIPO DE CONTENIDO |
| Término de tipo de contenido |
text |
| Código de tipo de contenido |
txt |
| 336 ## - TIPO DE CONTENIDO |
| Término de tipo de contenido |
imatge fixa |
| Código de tipo de contenido |
sti |
| Fuente |
rdacontent |
| 337 ## - TIPO DE MEDIO |
| Nombre/término del tipo de medio |
sense mediació |
| Código del tipo de medio |
n |
| Fuente |
rdamedia |
| 338 ## - TIPO DE SOPORTE |
| Nombre/término del tipo de soporte |
volum |
| Código del tipo de soporte |
nc |
| Fuente |
rdacarrier |
| 490 1# - MENCIÓN DE SERIE |
| Mención de serie |
L'Avant-scène théâtre ; |
| Designación de volumen o secuencia |
no 1557 |
| 500 ## - NOTA GENERAL |
| Nota general |
P7: D3, H4 |
| 500 ## - NOTA GENERAL |
| Nota general |
Publicat com no 1557 (mai 2024) de la revista L'Avant-scène théâtre |
| 520 ## - SUMARIO, ETC. |
| Sumario, etc. |
"Comment se pardonner des actes que nous-mêmes estimos impardonnables? Quand les souvenirs refont surface, comment régler ses propres conflits, comment apprendre à voir autrement? Vittorio est un artiste peintre ateint de DMLA, il perd la vue progressivement. Dans l'incapacité de dévoiler ses uvres, il s'est toujours caché derrière la trait d'autres peintres. Comme ultime rempart, il se lance dans la falsification d'un chef-d'uvre. L'arrivée inattendue de son fils Luca plonge Vittorio dans le passé"-- |
| Fuente proveedora |
Contracoberta |
| 650 #0 - PUNTO DE ACCESO ADICIONAL DE MATERIA--TÉRMINO DE MATERIA |
| Término de materia o nombre geográfico como elemento de entrada |
Degeneració macular |
| Subdivisión de forma |
Textos dramàtics |
| 9 (RLIN) |
168655 |
| 830 ## - PUNTO DE ACCESO ADICIONAL DE SERIE-TÍTULO UNIFORME |
| Título uniforme |
Avant-scène. |
| Nombre de parte o sección de la obra |
Théâtre |
| Designación de volumen o secuencia |
1557 |
| 9 (RLIN) |
168170 |
| 908 ## - COLOCAR PARÁMETRO DE COMANDO (RLIN) |
| Colocar parámetro de comando |
CDMAE |
| 940 ## - EQUIVALENCIA O REFERENCIA-CRUZADA--TÍTULO UNIFORME [OBSOLETO] [solamente CAN/MARC] |
| Título uniforme |
<a href="CDMAE">CDMAE</a> |
| 942 ## - ELEMENTOS DE ENTRADA AGREGADA (KOHA) |
| Fuente del sistema de clasificación o colocación |
Clasificación decimal universal |
| Tipo de ítem Koha |
Llibre |